| 000 | 01477nam a2200313 c 4500 | ||
|---|---|---|---|
| 003 | BLK | ||
| 005 | 20180421000143.0 | ||
| 008 | 180411b bul|||||r ||||||| ||bul|| | ||
| 010 | _aKNG00191589000 | ||
| 040 | _aBLK | ||
| 041 |
_aBUL _cBUL |
||
| 080 |
_aАнатомия. Вж и 572 ; 591.4 ; 616.1/.9 ; 343.9 ; 743 _b611 _x(075.8) _z611(075.8) |
||
| 080 |
_aФизиология _b612 _x(075.8) _z612(075.8) |
||
| 080 |
_aХигиена. Лично здраве. Вж и 614 ; 616-083 _b613 _x(075.8) _z613(075.8) |
||
| 100 | 1 |
_aДериманов, Стоян Г. _eпърви автор _960119 |
|
| 139 |
_aДериманов, Стоян Г. _bД 44 |
||
| 245 | 1 | 0 |
_aАнатомия, физиология и хигиена _bУчебник за студентите по спец. предучилищна и нач. педагогика от Великотърновския унив. Кирил и Методий _cСтоян Г. Дериманов. |
| 257 | _aBGR | ||
| 260 |
_аВ. Търново _bВеликотърновски унив. Кирил и Методий _c1987 |
||
| 300 |
_a241 с. _bс табл., сх. _c22 см |
||
| 380 | _a61 | ||
| 500 | _aОфс. изд. - 1 000 тир. - Библиогр. с. 237-239. | ||
| 650 | 4 |
_aДеца - анотомия и физиология _9315628 |
|
| 852 | _aЦб 151040 | ||
| 856 | 4 |
_qpdf _u |
|
| 856 | 4 |
_qpdf _u |
|
| 942 |
_cKNG _n0 |
||
| 944 |
_aCR _c05.10.2016 _kГрета_Цуфелде |
||
| 944 |
_aED _c05.10.2016 _kГрета_Цуфелде |
||
| 999 |
_c182664 _d182664 |
||